Indice de los números 40 47 (años 1986 87)
Збережено в:
| Формат: | Текст |
|---|---|
| Мова: | Spanish |
| Предмети: | |
| Теги: |
Додати тег
Немає тегів, Будьте першим, хто поставить тег для цього запису!
|
MARC
| LEADER | 00000 a a2200000 04500 | ||
|---|---|---|---|
| 001 | 7885 | ||
| 003 | cru CRAI/IIS | ||
| 005 | 20210520143749.0 | ||
| 008 | 210520b |||||||| |||| 00| 0 spa d | ||
| 040 | |c cru CRAI/IIS | ||
| 245 | |a Indice de los números 40 47 (años 1986 87) | ||
| 500 | |a Colección Centroamérica | ||
| 650 | |a MATERIAL DE REFERENCIA | ||
| 650 | |a INDICES | ||
| 650 | |a AMERICA CENTRAL | ||
| 773 | |g número 48; páginas 161-171 | ||
| 773 | 0 | |0 18875 |9 5293 |a Universidad de Costa Rica. |d San José, Costa Rica: Universidad de Costa Rica. Consejo Superior Universitario Centroamericano, 1972- |o 14337 |t Estudios Sociales Centroamericanos / |x 03039676 | |
| 942 | |2 ddc |c PP | ||
| 999 | |c 34842 |d 34842 | ||
